00452 2200193 4500001002100000005001500021035002000036245003300056100001400089250000600103856004500109260003600154082000800190084001400198600001000212990001200222990001200234990001200246INLIS00000000000174120250505010238 a0010-05250000331 aPercobaan Setia /cSumam HS.0 aSumam HS. a1 aRuang Baca Umum No Klas 800 ( Rak 3,4,5) aJakarta :bBalai Pustaka,c2000 a813 a813 SUM p 4aFiksi a00.0145 a00.0146 a00.0147